000 01880nam a2200457 i 4500
001 14702564
003 EG-ScBUE
005 20230302061919.0
006 m||||fq||h 00| 0
008 070118t2007 njuae f b 001 0 eng d
020 _a9780471752165 (pbk.)
020 _a0471752169 (pbk.)
035 _a(OCoLC)ocm79256841
035 _a(OCoLC)79256841
040 _aDLC
_beng
_erda
_cDLC
_dBAKER
_dBTCTA
_dUKM
_dC#P
_dYDXCP
_dDLC
_dEG-ScBUE
082 0 4 _222
_a720.1
_bCHI
100 1 _aChing, Francis D. K.,
_d1943-
_eauthor.
245 1 0 _aArchitecture :
_bform, space, & order /
_cFrancis D.K. Ching.
250 _aThird edition.
264 1 _aHoboken, New Jersey :
_bJohn Wiley and Sons,
_c[2007]
264 4 _cc2007
300 _axiv, 431 pages :
_billustrations, plans ;
_c28 cm +
_e1 CD
336 _2rdacontent
_atext
_btxt
336 _2rdacontent
_asounds
_bsnd
337 _2rdamedia
_aunmediated
_bn
337 _2rdamedia
_aaudio
_bs
338 _2rdacarrier
_avolume
_bnc
338 _2rdacarrier
_acomputer disc
_bcd
504 _aIncludes bibliographical references and index.
650 7 _aArchitecture
_xComposition, proportion, etc.
_2BUEsh
650 7 _aSpace (Architecture)
_2BUEsh
653 _bENGARC
_cMarch2023
655 _vReading book
856 4 1 _3Table of contents only
_uhttp://www.loc.gov/catdir/toc/ecip079/2007002358.html
856 4 2 _3Contributor biographical information
_uhttp://www.loc.gov/catdir/enhancements/fy0826/2007002358-b.html
856 4 2 _3Publisher description
_uhttp://www.loc.gov/catdir/enhancements/fy0826/2007002358-d.html
906 _a7
_bcbc
_corignew
_d1
_eecip
_f20
_gy-gencatlg
942 _2ddc
_cBB
999 _c30182
_d30153